Nákup a predaj - praktikum
Na minha lista:
| Autor principal: | |
|---|---|
| Autor Corporativo: | |
| Outros Autores: | , , , , , , , |
| Formato: | Livro |
| Idioma: | eslovaco |
| Publicado em: |
Bratislava
Vydavateľstvo EKONÓM
2015
|
| Edição: | 1. vyd. |
| Assuntos: | |
| Tags: |
Sem tags, seja o primeiro a adicionar uma tag!
|
MARC
| LEADER | 00000nam a2200000 4500 | ||
|---|---|---|---|
| 001 | 0211741 | ||
| 005 | 20240502073531.4 | ||
| 020 | |a 978-80-225-4170-1 | ||
| 041 | 0 | |a slo | |
| 044 | |a SK | ||
| 245 | 1 | 0 | |a Nákup a predaj - praktikum |c Jaroslav Kita a kolektív ; recenzentky: Viera Čihovská, Ľubomíra Strážovská |
| 250 | |a 1. vyd. | ||
| 264 | 1 | |a Bratislava |b Vydavateľstvo EKONÓM |c 2015 | |
| 300 | |a 160 s. [6,34 AH] | ||
| 610 | 2 | 0 | |a nákup |
| 610 | 2 | 0 | |a predaj |
| 610 | 2 | 0 | |a marketing nákupný |
| 610 | 2 | 0 | |a predajcovia |
| 610 | 2 | 0 | |a plánovanie |
| 610 | 2 | 0 | |a predvídanie |
| 610 | 2 | 0 | |a riadenie predaja |
| 610 | 2 | 0 | |a zákazníci |
| 100 | 1 | |a Kita, Jaroslav | |
| 700 | 1 | |a Kita, Pavol | |
| 700 | 1 | |a Konštiak, Pavol | |
| 700 | 1 | |a Oreský, Milan, 1956- | |
| 700 | 1 | |a Sitášová, Jana | |
| 700 | 1 | |a Vasiľová, Mária, 1985- | |
| 700 | 1 | |a Zendulka, Lukáš, 1989- | |
| 700 | 1 | |a Čihovská, Viera | |
| 700 | 1 | |a Strážovská, Ľubomíra | |
| 710 | 2 | |a Ekonomická univerzita v Bratislave. Obchodná fakulta | |